[Event "Poti op 14th"]
[Site "Poti"]
[Date "2019.07.19"]
[Round "8"]
[White "Kvaratskhelia, Dimitri"]
[Black "Qalichava, Akaki"]
[Result "1/2-1/2"]
[WhiteElo "2014"]
[BlackElo "1808"]
[PlyCount "53"]
[EventDate "2019.07.13"]
[EventType "swiss"]
[EventRounds "9"]
[EventCountry "GEO"]
[SourceTitle "EXT 2020"]
[Source "ChessBase"]
[SourceDate "2019.10.17"]
[SourceVersion "1"]
[SourceVersionDate "2019.10.17"]
[SourceQuality "1"]

1. d4 Nf6 2. c4 e6 3. Nf3 b6 4. g3 Ba6 5. b3 Bb4+ 6. Bd2 Be7 7. Bg2 d5 8. Ne5 c6 9. 0-0 Nfd7 10. Nxd7 Nxd7 11. Bc3 Rc8 12. Nd2 0-0 13. e4 dxe4 14. Nxe4 Nf6 15. a4 Nxe4 16. Bxe4 Bf6 17. Qd3 g6 18. Rfd1 Qc7 19. h4 h5 20. Qe3 Rfd8 21. Rac1 Bg7 22. Bf3 Re8 23. Rc2 Rcd8 24. Rcd2 Bb7 25. Qe4 Re7 26. Qc2 Red7 27. Qb2 1/2-1/2

[Event "Krakow op-B 29th"]
[Site "Krakow"]
[Date "2019.01.03"]
[Round "8"]
[White "Kvaratskhelia, Dimitri"]
[Black "Hasterok, Mateusz"]
[Result "1-0"]
[WhiteElo "1996"]
[BlackElo "1884"]
[PlyCount "101"]
[EventDate "2018.12.27"]
[EventType "swiss"]
[EventRounds "9"]
[EventCountry "POL"]
[SourceTitle "CBM 189 Extra"]
[Source "ChessBase"]
[SourceDate "2019.05.31"]
[SourceVersion "1"]
[SourceVersionDate "2019.05.31"]
[SourceQuality "1"]

1. e4 c5 2. Nf3 Nc6 3. c4 g6 4. d4 cxd4 5. Nxd4 Bg7 6. Be3 d6 7. Nc3 Nf6 8. Be2 Bd7 9. 0-0 0-0 10. Qd2 Nxd4 11. Bxd4 Bc6 12. f3 a6 13. Rfd1 Nd7 14. Bxg7 Kxg7 15. f4 Rb8 16. Qd4+ Kg8 17. b4 Qb6 18. b5 Qxd4+ 19. Rxd4 Nc5 20. bxc6 bxc6 21. Rdd1 Rb2 22. Rab1 Rfb8 23. Bf3 R8b6 24. e5 dxe5 25. fxe5 Kg7 26. g3 h5 27. Rxb2 Rxb2 28. Bxc6 Rc2 29. Rd5 Rxc3 30. Rxc5 Rc1+ 31. Kg2 Rc2+ 32. Kf3 Rxa2 33. h4 Ra3+ 34. Kf4 Rc3 35. Bd5 e6 36. Bc6 Kh6 37. Be8 Rc1 38. Rc7 Rf1+ 39. Ke3 Kg7 40. c5 Kf8 41. Bc6 Rc1 42. Be4 a5 43. c6 a4 44. Ra7 Ke8 45. Rxa4 Kd8 46. Ra8+ Ke7 47. Ra7+ Ke8 48. Bd3 Kd8 49. Rd7+ Kc8 50. Ba6+ Kb8 51. Rb7+ 1-0

[Event "Krakow op-B 29th"]
[Site "Krakow"]
[Date "2018.12.29"]
[Round "4"]
[White "Rysaev, Danial"]
[Black "Kvaratskhelia, Dimitri"]
[Result "1-0"]
[WhiteElo "1945"]
[BlackElo "1996"]
[PlyCount "77"]
[EventDate "2018.12.27"]
[EventType "swiss"]
[EventRounds "9"]
[EventCountry "POL"]
[SourceTitle "CBM 189 Extra"]
[Source "ChessBase"]
[SourceDate "2019.05.31"]
[SourceVersion "1"]
[SourceVersionDate "2019.05.31"]
[SourceQuality "1"]

1. d4 Nf6 2. c4 e6 3. Nc3 d5 4. cxd5 exd5 5. Bg5 Be7 6. e3 c6 7. Bd3 Nbd7 8. Qc2 0-0 9. Nge2 Re8 10. f3 Nf8 11. Bh4 b6 12. 0-0 c5 13. Rad1 c4 14. Bf5 Bb7 15. Bf2 g6 16. Bh3 Bd6 17. Ng3 a6 18. e4 Bf4 19. e5 Bxg3 20. Bxg3 Nh5 21. f4 f5 22. Be1 Ne6 23. Bxf5 gxf5 24. Qxf5 Nhg7 25. Qg4 h5 26. Qh3 Bc8 27. Bh4 Qd7 28. Qg3 Nf8 29. f5 Ra7 30. f6 Qc6 31. Qf3 Be6 32. fxg7 Rxg7 33. h3 Qd7 34. Bf6 Rg6 35. Qxh5 Qh7 36. Qxh7+ Kxh7 37. Ne2 Nd7 38. Nf4 Rgg8 39. Bh4 1-0

[Event "Wch U20 51st"]
[Site "Athens"]
[Date "2012.08.15"]
[Round "13"]
[White "Kvaratskhelia, Dimitri"]
[Black "Stepanyan, Henrik"]
[Result "1-0"]
[WhiteElo "2093"]
[BlackElo "2022"]
[PlyCount "55"]
[EventDate "2012.08.02"]
[EventType "swiss"]
[EventRounds "13"]
[EventCountry "GRE"]
[SourceTitle "CBM 149 Extra"]
[Source "ChessBase"]
[SourceDate "2012.08.24"]
[SourceVersion "1"]
[SourceVersionDate "2012.08.24"]
[SourceQuality "1"]

1. d4 d5 2. Nf3 Nf6 3. c4 e6 4. Bg5 Be7 5. Nc3 0-0 6. e3 dxc4 7. Bxc4 c5 8. 0-0 cxd4 9. Nxd4 a6 10. Qe2 b5 11. Bb3 Bb7 12. Rfd1 Qc7 13. Rac1 Nc6 14. Bxf6 Bxf6 15. Nxc6 Bxc6 16. Nd5 Qb7 17. Nxf6+ gxf6 18. Qg4+ Kh8 19. Qh4 Rg8 20. Qxf6+ Rg7 21. Rd8+ Rxd8 22. Qxd8+ Rg8 23. Qf6+ Rg7 24. Rd1 Be8 25. g3 Qc6 26. Rd8 b4 27. Bd5 Qb5 28. Bxe6 1-0

[Event "Wch U20 51st"]
[Site "Athens"]
[Date "2012.08.12"]
[Round "10"]
[White "Kvaratskhelia, Dimitri"]
[Black "Notkevich, Benjamin Arvola"]
[Result "0-1"]
[WhiteElo "2093"]
[BlackElo "2300"]
[PlyCount "62"]
[EventDate "2012.08.02"]
[EventType "swiss"]
[EventRounds "13"]
[EventCountry "GRE"]
[SourceTitle "CBM 149 Extra"]
[Source "ChessBase"]
[SourceDate "2012.08.24"]
[SourceVersion "1"]
[SourceVersionDate "2012.08.24"]
[SourceQuality "1"]

1. d4 f5 2. e4 fxe4 3. Nc3 Nf6 4. Bg5 Nc6 5. f3 exf3 6. Nxf3 d5 7. Bb5 g6 8. Qe2 Bg7 9. Ne5 Qd6 10. 0-0-0 0-0 11. h4 a6 12. Bxc6 bxc6 13. g4 Rb8 14. Rd3 Nd7 15. Nxd7 Bxd7 16. h5 e5 17. dxe5 Qxe5 18. Qd2 Bxg4 19. hxg6 hxg6 20. Rg1 d4 21. Nd1 Bf5 22. Rdg3 Rfe8 23. R3g2 Qe6 24. Kb1 c5 25. Bh6 Bh8 26. Bf4 c4 27. Rh2 Bg7 28. Bh6 c3 29. Qf2 Bxh6 30. Rxh6 Rxb2+ 31. Nxb2 Qb6 0-1

[Event "Wch U20 51st"]
[Site "Athens"]
[Date "2012.08.11"]
[Round "9"]
[White "Haarr, Jon Kristian"]
[Black "Kvaratskhelia, Dimitri"]
[Result "1/2-1/2"]
[WhiteElo "2245"]
[BlackElo "2093"]
[PlyCount "168"]
[EventDate "2012.08.02"]
[EventType "swiss"]
[EventRounds "13"]
[EventCountry "GRE"]
[SourceTitle "CBM 149 Extra"]
[Source "ChessBase"]
[SourceDate "2012.08.24"]
[SourceVersion "1"]
[SourceVersionDate "2012.08.24"]
[SourceQuality "1"]

1. e4 c5 2. Nf3 e6 3. c3 Nf6 4. e5 Nd5 5. d4 cxd4 6. cxd4 d6 7. Bc4 Nc6 8. 0-0 Be7 9. Qe2 0-0 10. Nc3 Nxc3 11. bxc3 Qc7 12. Bd3 dxe5 13. dxe5 b6 14. Re1 Bb7 15. Bg5 Rfd8 16. Rad1 Na5 17. h4 Bxf3 18. Qxf3 Bxg5 19. hxg5 g6 20. Qf6 Rab8 21. Bb5 Nb7 22. g3 Nc5 23. Rd4 a6 24. Bf1 b5 25. Red1 Rxd4 26. Rxd4 Na4 27. c4 b4 28. Rd6 a5 29. Bh3 Nc5 30. Bg2 a4 31. Rc6 Qxc6 32. Bxc6 b3 33. axb3 axb3 34. Qe7 b2 35. Qxc5 b1Q+ 36. Kg2 Qb6 37. Qxb6 Rxb6 38. Bb5 Kf8 39. Kf3 Ke7 40. Ke4 Rb8 41. f3 Kd8 42. Kd4 Kc7 43. Kc5 h6 44. gxh6 Rh8 45. g4 g5 46. Bc6 Rxh6 47. Be4 Rh8 48. Kb5 Rb8+ 49. Kc5 Rb3 50. Bc6 Ra3 51. Kb5 Rb3+ 52. Kc5 Rb8 53. Be4 Rd8 54. Bc6 Rd3 55. Be4 Rc3 56. Kb4 Rc1 57. Kc5 Kd8 58. Bc6 Ke7 59. Be4 f6 60. exf6+ Kxf6 61. Kd4 Rd1+ 62. Kc5 Ke5 63. Kb6 Rd6+ 64. Kc7 Ra6 65. c5 Kd4 66. c6 Kc5 67. Kd7 Kb6 68. Kxe6 Kc7 69. Kf6 Ra5 70. Bf5 Ra3 71. Kxg5 Rxf3 72. Bd7 Rg3 73. Kf5 Kd6 74. g5 Rf3+ 75. Kg6 Rc3 76. Kf6 Rf3+ 77. Kg7 Ke7 78. g6 Rf1 79. Bc8 Rc1 80. Bb7 Rc3 81. Kg8 Kf6 82. g7 Rg3 83. Kf8 Rxg7 84. Ke8 Rc7 1/2-1/2

[Event "Wch U20 51st"]
[Site "Athens"]
[Date "2012.08.06"]
[Round "5"]
[White "Kvaratskhelia, Dimitri"]
[Black "Minko, Vladimir"]
[Result "1-0"]
[WhiteElo "2093"]
[BlackElo "2257"]
[PlyCount "75"]
[EventDate "2012.08.02"]
[EventType "swiss"]
[EventRounds "13"]
[EventCountry "GRE"]
[SourceTitle "CBM 149 Extra"]
[Source "ChessBase"]
[SourceDate "2012.08.24"]
[SourceVersion "1"]
[SourceVersionDate "2012.08.24"]
[SourceQuality "1"]

1. d4 Nf6 2. Nf3 c5 3. d5 d6 4. c4 b5 5. cxb5 a6 6. b6 Nbd7 7. Nc3 g6 8. e4 Bg7 9. a4 Nxb6 10. a5 Nbd7 11. Nd2 0-0 12. Nc4 Rb8 13. Be2 Ne8 14. 0-0 Nc7 15. Bg5 Nb5 16. Nxb5 axb5 17. Nxd6 Ba6 18. e5 h6 19. Bh4 Bxe5 20. Ne4 f5 21. d6 g5 22. Qd5+ Kh7 23. Bxg5 e6 24. Qxe5 hxg5 25. Qxe6 fxe4 26. Qxe4+ Kh8 27. Ra3 Rf4 28. Rh3+ Rh4 29. Rxh4+ gxh4 30. Bd3 Nf8 31. Qe5+ Kg8 32. Re1 Rb7 33. Be4 Rg7 34. Bd5+ Kh8 35. Re4 b4 36. Rg4 Qd7 37. Rxh4+ Nh7 38. Rxh7+ 1-0